Normal view
MARC view
- Philip, Mathew & Bolton , Bill
Entry Personal Name
001 - CONTROL NUMBER
- control field: 18938
003 - CONTROL NUMBER IDENTIFIER
- control field: NUST
005 - DATE AND TIME OF LATEST TRANSACTION
- control field: 20190801051143.0
008 - FIXED-LENGTH DATA ELEMENTS
- fixed length control field: 190801|| aca||aabn | a|a d
040 ## - CATALOGING SOURCE
- Original cataloging agency: NUST
- Transcribing agency: NUST
100 ## - HEADING--PERSONAL NAME
- Personal name: Philip, Mathew & Bolton , Bill
670 ## - SOURCE DATA FOUND
- Source citation: Work cat.: (NUST): Philip, Mathew & Bolton , Bill, TECHNOLOGY OF ENGINEERING MATERIALS \, 2014.
